| 000 | 00509nam a2200145Ia 4500 | ||
|---|---|---|---|
| 008 | 230917s9999||||xx |||||||||||||| ||und|| | ||
| 040 |
_e204816 _aMAIN |
||
| 041 | _aEnglish | ||
| 082 | _a891.4317109 DH539:JM | ||
| 100 | _aजोशी, मीनाक्षी | ||
| 245 | 0 | _aधूमकेतु धूमिल और साठोत्तरी कविता | |
| 260 |
_aनई दिल्ली _bराधाकृष्ण प्रकाशन _c2009 |
||
| 300 | _a243 पृ. p. | ||
| 942 | _cHN | ||
| 999 |
_c172422 _d172422 |
||